[Event "Titled Tuesday intern op 23rd Mar"]
[Site "Chess.com INT"]
[Date "2021.03.23"]
[Round "6"]
[White "Matthiesen, Martin"]
[Black "Lelekova, Olga"]
[Result "1-0"]
[WhiteElo "2296"]
[BlackElo "2261"]
[PlyCount "85"]
[EventDate "2021.03.23"]
[EventType "swiss (blitz)"]
[EventRounds "11"]
[EventCountry "USA"]
[SourceTitle "CBM 201 Extra"]
[Source "ChessBase"]
[SourceDate "2021.05.31"]
[SourceVersion "1"]
[SourceVersionDate "2021.05.31"]
[SourceQuality "1"]

1. d4 Nf6 2. c4 g6 3. Nc3 Bg7 4. e4 d6 5. Nf3 0-0 6. Be2 e5 7. d5 Nbd7 8. Bg5 h6 9. Bh4 a5 10. 0-0 Nc5 11. Nd2 Kh7 12. f3 Bd7 13. Rb1 Qe8 14. b3 Nh5 15. a3 f5 16. Re1 Nf4 17. Bf1 g5 18. Bf2 Ncd3 19. Re3 Nxf2 20. Kxf2 g4 21. fxg4 fxg4 22. Kg1 Qg6 23. Nb5 Bxb5 24. cxb5 h5 25. Rc3 Rf7 26. Rbc1 Rc8 27. b6 c6 28. dxc6 bxc6 29. Rxc6 Rb8 30. Nc4 Qg5 31. Nxd6 Rd7 32. Qe1 Ne6 33. Nf5 Nd4 34. Nxd4 Rxd4 35. Ba6 Bh6 36. Rd1 Qe3+ 37. Kh1 Rbd8 38. Rb1 Qg5 39. b7 Rb8 40. Rc8 Rd8 41. Rxb8 Rxb8 42. Qxa5 Qe7 43. Qb5 1-0

[Event "Wch Blitz (Women)"]
[Site "Moscow"]
[Date "2019.12.30"]
[Round "10"]
[White "Barchuk, Irina"]
[Black "Lelekova, Olga"]
[Result "1-0"]
[WhiteElo "2121"]
[BlackElo "2261"]
[PlyCount "115"]
[EventDate "2019.12.29"]
[EventType "swiss (blitz)"]
[EventRounds "17"]
[EventCountry "RUS"]
[SourceTitle "CBM 193 Extra"]
[Source "ChessBase"]
[SourceDate "2020.01.31"]
[SourceVersion "1"]
[SourceVersionDate "2020.01.31"]
[SourceQuality "1"]

1. e4 c5 2. Nf3 Nc6 3. d4 cxd4 4. Nxd4 Qb6 5. Nb3 Nf6 6. Nc3 e6 7. Be3 Qc7 8. Qd2 a6 9. 0-0-0 Bb4 10. f3 0-0 11. a3 Bxc3 12. Qxc3 d5 13. Bg5 dxe4 14. Bxf6 Qf4+ 15. Kb1 Qxf6 16. fxe4 Qxc3 17. bxc3 e5 18. Bc4 Bg4 19. Rd2 Rac8 20. h3 Bh5 21. Bd5 Bg6 22. Nc5 Na5 23. Nd7 Rfe8 24. Nb6 Rxc3 25. Kb2 Rc7 26. c4 h5 27. Rc1 Nc6 28. Kc3 Nd4 29. Rb2 Ree7 30. Kd2 Ne6 31. Ke3 Nd8 32. Na4 Nc6 33. Nc3 Kh7 34. Rcb1 Nd8 35. Na4 f5 36. Nc3 fxe4 37. Nxe4 Nc6 38. Rc1 Nd4 39. Nd6 b5 40. Rb4 a5 41. Rb2 bxc4 42. Nxc4 Red7 43. Be4 Bxe4 44. Kxe4 Rc5 45. Nxe5 Rxc1 46. Nxd7 Ne6 47. Ne5 Rc3 48. a4 Ra3 49. Rb6 Rxa4+ 50. Kf5 Nd4+ 51. Kg5 Ra2 52. g3 Ra3 53. Kxh5 Rxg3 54. h4 a4 55. Ng4 Nf5 56. Rb7 a3 57. Nf6+ Kh8 58. Rb8# 1-0

[Event "Wch Blitz (Women)"]
[Site "Moscow"]
[Date "2019.12.30"]
[Round "11"]
[White "Lelekova, Olga"]
[Black "Guindy, Esmat Susanne"]
[Result "1-0"]
[WhiteElo "2261"]
[BlackElo "2120"]
[PlyCount "47"]
[EventDate "2019.12.29"]
[EventType "swiss (blitz)"]
[EventRounds "17"]
[EventCountry "RUS"]
[SourceTitle "CBM 193 Extra"]
[Source "ChessBase"]
[SourceDate "2020.01.31"]
[SourceVersion "1"]
[SourceVersionDate "2020.01.31"]
[SourceQuality "1"]

1. e4 e6 2. d4 d5 3. Nd2 Nf6 4. e5 Nfd7 5. f4 c5 6. c3 Nc6 7. Ne2 cxd4 8. cxd4 f6 9. g3 Qb6 10. Nf3 Bb4+ 11. Kf2 fxe5 12. Bh3 Nf6 13. fxe5 Ne4+ 14. Kg2 0-0 15. Nf4 Kh8 16. Be3 Be7 17. b3 a5 18. Rf1 Bd7 19. Nxd5 exd5 20. Bxd7 Rad8 21. Bh3 Qb5 22. Rc1 a4 23. bxa4 Qxa4 24. Qxa4 1-0

[Event "Wch Blitz (Women)"]
[Site "Moscow"]
[Date "2019.12.30"]
[Round "14"]
[White "Munkhzul, Davaakhuu"]
[Black "Lelekova, Olga"]
[Result "1/2-1/2"]
[WhiteElo "1991"]
[BlackElo "2261"]
[PlyCount "148"]
[EventDate "2019.12.29"]
[EventType "swiss (blitz)"]
[EventRounds "17"]
[EventCountry "RUS"]
[SourceTitle "CBM 193 Extra"]
[Source "ChessBase"]
[SourceDate "2020.01.31"]
[SourceVersion "1"]
[SourceVersionDate "2020.01.31"]
[SourceQuality "1"]

1. e4 c5 2. Nf3 Nc6 3. d4 cxd4 4. Nxd4 Qb6 5. Nb3 Nf6 6. Nc3 e6 7. Be3 Qc7 8. a3 a6 9. g4 d6 10. Bg2 Rb8 11. f4 b5 12. g5 Nd7 13. f5 Nde5 14. fxe6 Bxe6 15. Nd5 Bxd5 16. Qxd5 Nc4 17. Bf4 N6e5 18. 0-0 Be7 19. Nd4 0-0 20. Nf5 Bd8 21. Nxd6 Ng6 22. Bg3 Ne3 23. Qd3 Nxf1 24. Rxf1 Qb6+ 25. Kh1 Bc7 26. e5 Rbd8 27. Qd5 Nxe5 28. Bxe5 Bxd6 29. Bd4 Qc7 30. Qf5 Bxh2 31. Be4 g6 32. Qf6 Rxd4 33. Qxd4 Be5 34. Qd3 Qc5 35. b4 Qc7 36. Qh3 Re8 37. Kg2 Qd6 38. Rh1 Qd2+ 39. Kf1 Qf4+ 40. Bf3 Bg7 41. Qxh7+ Kf8 42. Qh3 Re6 43. Kg2 Qd2+ 44. Kg1 Qxg5+ 45. Kf2 Qe3+ 46. Kf1 Rf6 47. Kg2 Qg5+ 48. Kf2 Qf5 49. Qxf5 Rxf5 50. Rd1 Ke7 51. Re1+ Kd6 52. Rd1+ Ke7 53. Re1+ Be5 54. Kg2 Ke6 55. Bg4 Kf6 56. Bxf5 Kxf5 57. Rf1+ Ke6 58. Kf3 g5 59. Kg4 Bf4 60. Re1+ Kf6 61. Re4 Kg6 62. Re8 f5+ 63. Kf3 Kf6 64. Ra8 Bd6 65. Rxa6 Ke5 66. Rb6 g4+ 67. Kg2 Kd5 68. Rxb5+ Ke4 69. a4 f4 70. Rg5 f3+ 71. Kf1 g3 72. b5 g2+ 73. Rxg2 fxg2+ 74. Kxg2 Ke5 1/2-1/2

[Event "Wch Blitz (Women)"]
[Site "Moscow"]
[Date "2019.12.30"]
[Round "12"]
[White "Novikova, Anna"]
[Black "Lelekova, Olga"]
[Result "0-1"]
[WhiteElo "2260"]
[BlackElo "2261"]
[PlyCount "114"]
[EventDate "2019.12.29"]
[EventType "swiss (blitz)"]
[EventRounds "17"]
[EventCountry "RUS"]
[SourceTitle "CBM 193 Extra"]
[Source "ChessBase"]
[SourceDate "2020.01.31"]
[SourceVersion "1"]
[SourceVersionDate "2020.01.31"]
[SourceQuality "1"]

1. e4 c5 2. c3 d5 3. exd5 Qxd5 4. d4 Nc6 5. Nf3 Nf6 6. Be3 cxd4 7. cxd4 e6 8. Nc3 Bb4 9. Bd3 0-0 10. 0-0 Qa5 11. Qb3 Rd8 12. Rac1 a6 13. a3 Be7 14. Rfd1 Qh5 15. Qa2 Ng4 16. b4 Bd6 17. Ne4 Bxh2+ 18. Kf1 Bb8 19. Ke2 Nxe3 20. fxe3 Qg4 21. Nf2 Qg3 22. Rh1 e5 23. Bxh7+ Kf8 24. d5 Ne7 25. Be4 g6 26. Rh8+ Ng8 27. Rch1 Bg4 28. Qb2 Qxg2 29. R1h2 Bxf3+ 30. Bxf3 Qg5 31. Qc2 Bd6 32. Rg2 Qf6 33. Rhh2 Rac8 34. Qd2 Qe7 35. Rh8 a5 36. Rgh2 axb4 37. axb4 Bxb4 38. Qa2 Ra8 39. Qb2 Ra6 40. Ne4 Rda8 41. Qb3 Ra2+ 42. Kd3 R8a3 43. Kc4 Rxb3 44. Kxb3 Ra3+ 45. Kb2 Ra2+ 46. Kb3 Rxh2 47. Rxh2 Bd6 48. Kc4 f5 49. Nd2 e4 50. Be2 Qc7+ 51. Kb3 Be5 52. Nc4 Bf6 53. Rh1 b5 54. d6 Qf7 55. Ra1 bxc4+ 56. Bxc4 Qb7+ 57. Kc2 Bxa1 0-1

[Event "Wch Blitz (Women)"]
[Site "St Petersburg"]
[Date "2018.12.30"]
[Round "13"]
[White "Lelekova, Olga"]
[Black "Yurasova, Daria"]
[Result "1-0"]
[WhiteElo "2261"]
[BlackElo "2190"]
[PlyCount "97"]
[EventDate "2018.12.29"]
[EventType "swiss (blitz)"]
[EventRounds "17"]
[EventCountry "RUS"]
[SourceTitle "CBM 187 Extra"]
[Source "ChessBase"]
[SourceDate "2018.11.04"]
[SourceVersion "1"]
[SourceVersionDate "2018.11.04"]
[SourceQuality "1"]

1. e4 e5 2. Nf3 Nc6 3. Bb5 Nf6 4. Qe2 d6 5. 0-0 Be7 6. c3 a6 7. Ba4 b5 8. Bb3 0-0 9. d3 Bb7 10. Rd1 Qc8 11. Nbd2 h6 12. Nf1 Re8 13. Ng3 Bf8 14. Nh4 Ne7 15. Nhf5 Nxf5 16. Nxf5 d5 17. Ng3 c5 18. Bd2 c4 19. dxc4 dxc4 20. Bc2 Qc7 21. b3 Rac8 22. b4 Rcd8 23. Be1 a5 24. a3 axb4 25. axb4 Ra8 26. f3 Red8 27. Nf5 Nh5 28. Bd2 Nf4 29. Bxf4 exf4 30. Nd4 Qb6 31. Qf2 g6 32. g3 fxg3 33. hxg3 Bg7 34. Rxa8 Bxa8 35. Kg2 Bb7 36. Qe3 Ra8 37. Rd2 Ra2 38. Kf2 h5 39. f4 Bc8 40. e5 Qb7 41. Qf3 Qb6 42. Qe3 Qb7 43. Qf3 Qb6 44. Qc6 Qxc6 45. Nxc6 Kh7 46. Ke3 Ra3 47. Kd4 Bg4 48. Na5 Ra2 49. Bxg6+ 1-0

[Event "Wch Blitz (Women)"]
[Site "St Petersburg"]
[Date "2018.12.29"]
[Round "3"]
[White "Ovod, Evgenija"]
[Black "Lelekova, Olga"]
[Result "1/2-1/2"]
[WhiteElo "2367"]
[BlackElo "2261"]
[PlyCount "78"]
[EventDate "2018.12.29"]
[EventType "swiss (blitz)"]
[EventRounds "17"]
[EventCountry "RUS"]
[SourceTitle "CBM 187 Extra"]
[Source "ChessBase"]
[SourceDate "2018.11.04"]
[SourceVersion "1"]
[SourceVersionDate "2018.11.04"]
[SourceQuality "1"]

1. e4 c5 2. c3 e5 3. Nf3 Nc6 4. Bc4 Be7 5. 0-0 Nf6 6. d3 0-0 7. Bb3 h6 8. Re1 b5 9. Nbd2 Rb8 10. Nf1 b4 11. Ng3 d6 12. h3 a5 13. Be3 Bd7 14. d4 cxd4 15. cxd4 exd4 16. Nxd4 Ne5 17. f4 Ng6 18. Qe2 a4 19. Bc4 Qa5 20. Rad1 Nh7 21. Ndf5 Bxf5 22. Nxf5 Nf6 23. Qf3 Rfd8 24. Bd4 d5 25. Nxe7+ Nxe7 26. Bxf6 dxc4 27. Bxe7 Qa7+ 28. Kh2 Qxe7 29. e5 Rd7 30. Qc6 Rxd1 31. Rxd1 Qh4 32. Rd4 c3 33. bxc3 b3 34. axb3 axb3 35. Rb4 Rxb4 36. Qc8+ Kh7 37. Qf5+ Kg8 38. Qc8+ Kh7 39. Qf5+ Kg8 1/2-1/2

[Event "Wch Blitz (Women)"]
[Site "St Petersburg"]
[Date "2018.12.29"]
[Round "9"]
[White "Voit, Daria"]
[Black "Lelekova, Olga"]
[Result "1-0"]
[WhiteElo "2358"]
[BlackElo "2261"]
[PlyCount "69"]
[EventDate "2018.12.29"]
[EventType "swiss (blitz)"]
[EventRounds "17"]
[EventCountry "RUS"]
[SourceTitle "CBM 187 Extra"]
[Source "ChessBase"]
[SourceDate "2018.11.04"]
[SourceVersion "1"]
[SourceVersionDate "2018.11.04"]
[SourceQuality "1"]

1. Nf3 c5 2. e4 Nc6 3. Bb5 d6 4. 0-0 Bd7 5. Re1 e6 6. c3 Be7 7. d4 cxd4 8. cxd4 Qb6 9. Nc3 a6 10. Ba4 Qa5 11. d5 Nb8 12. dxe6 fxe6 13. Be3 Nf6 14. a3 0-0 15. b4 Qh5 16. Bb3 Ng4 17. Bb6 Nc6 18. h3 Nge5 19. Nxe5 Qxd1 20. Raxd1 Nxe5 21. Bd4 Nc6 22. Be3 Rac8 23. Na4 Nd8 24. Nb6 Rc7 25. e5 d5 26. Bxd5 exd5 27. Nxd5 Rc2 28. Nxe7+ Kf7 29. Rxd7 Ke6 30. Red1 Nf7 31. Rxb7 Nxe5 32. Nd5 Nc4 33. Nf4+ Ke5 34. Rd5+ Ke4 35. Re7+ 1-0

[Event "Wch Rapid (Women)"]
[Site "St Petersburg"]
[Date "2018.12.28"]
[Round "11"]
[White "Lelekova, Olga"]
[Black "Bogumil, Tatiana"]
[Result "1-0"]
[WhiteElo "2261"]
[BlackElo "2114"]
[PlyCount "65"]
[EventDate "2018.12.26"]
[EventType "swiss (rapid)"]
[EventRounds "12"]
[EventCountry "RUS"]
[SourceTitle "CBM 187 Extra"]
[Source "ChessBase"]
[SourceDate "2018.11.04"]
[SourceVersion "1"]
[SourceVersionDate "2018.11.04"]
[SourceQuality "1"]

1. e4 g6 2. d4 Bg7 3. Nc3 c6 4. Be3 d6 5. Bc4 b5 6. Bb3 a5 7. a3 Nf6 8. Nf3 0-0 9. 0-0 Qc7 10. h3 Nbd7 11. Qc1 Bb7 12. Ng5 Nb6 13. e5 Nfd5 14. f4 h6 15. Nge4 Nxe3 16. Qxe3 Nc4 17. Qf2 d5 18. Bxc4 bxc4 19. Nc5 e6 20. g4 Bc8 21. Nd1 Rb8 22. c3 Qe7 23. Ne3 f6 24. exf6 Bxf6 25. Ng2 e5 26. fxe5 Bg7 27. Qc2 Kh7 28. Rxf8 Bxf8 29. Rf1 Qg7 30. e6 Qg8 31. Rf7+ Kh8 32. Qf2 Bxc5 33. Qf6+ 1-0

[Event "Wch Rapid (Women)"]
[Site "St Petersburg"]
[Date "2018.12.27"]
[Round "7"]
[White "Lelekova, Olga"]
[Black "Shaydullina, Sandugach"]
[Result "1/2-1/2"]
[WhiteElo "2261"]
[BlackElo "2033"]
[PlyCount "134"]
[EventDate "2018.12.26"]
[EventType "swiss (rapid)"]
[EventRounds "12"]
[EventCountry "RUS"]
[SourceTitle "CBM 187 Extra"]
[Source "ChessBase"]
[SourceDate "2018.11.04"]
[SourceVersion "1"]
[SourceVersionDate "2018.11.04"]
[SourceQuality "1"]

1. e4 c5 2. Nf3 d6 3. d4 cxd4 4. Qxd4 a6 5. Bg5 Nc6 6. Qd2 h6 7. Bh4 g5 8. Bg3 Bg7 9. c3 Nf6 10. Bd3 Nh5 11. Na3 b5 12. Nc2 e6 13. Be2 Nxg3 14. hxg3 Bb7 15. Rd1 Ne7 16. Qe3 d5 17. Nfd4 Qc7 18. Bd3 e5 19. Nf5 Nxf5 20. exf5 e4 21. Be2 Qe5 22. Nd4 0-0 23. g4 Qf6 24. Rd2 Rfc8 25. a3 Rc7 26. 0-0 Qe5 27. Bd1 Re8 28. Bb3 Qf4 29. Qxf4 gxf4 30. Re1 Bf6 31. Ne2 Bg5 32. Rd4 f3 33. Ng3 Rce7 34. gxf3 e3 35. Rdd1 e2 36. Rd4 Bf6 37. Rd2 d4 38. Rdxe2 Rxe2 39. Rxe2 Rc8 40. Kg2 dxc3 41. bxc3 Rxc3 42. Re8+ Kh7 43. Bxf7 Bxf3+ 44. Kh2 Bxg4 45. Ne4 Rh3+ 46. Kg2 Bd4 47. Bg6+ Kg7 48. Ng3 Rh4 49. Re4 Bh3+ 50. Kf3 Rxe4 51. Kxe4 Bxf2 52. Kf3 Bc5 53. Nh5+ Kf8 54. Nf4 Bxf5 55. Bxf5 Bxa3 56. Ne6+ Ke7 57. Nc7 Kd6 58. Nxa6 Ke5 59. Bc2 Kd4 60. Nc7 Kc5 61. Ke3 Bc1+ 62. Kd3 h5 63. Kc3 h4 64. Ne6+ Kd6 65. Nd4 Ke5 66. Nf3+ Kd5 67. Nxh4 Kc5 1/2-1/2

[Event "Wch Rapid (Women)"]
[Site "St Petersburg"]
[Date "2018.12.26"]
[Round "4"]
[White "Belova, Olga"]
[Black "Lelekova, Olga"]
[Result "1-0"]
[WhiteElo "2069"]
[BlackElo "2261"]
[PlyCount "81"]
[EventDate "2018.12.26"]
[EventType "swiss (rapid)"]
[EventRounds "12"]
[EventCountry "RUS"]
[SourceTitle "CBM 187 Extra"]
[Source "ChessBase"]
[SourceDate "2018.11.04"]
[SourceVersion "1"]
[SourceVersionDate "2018.11.04"]
[SourceQuality "1"]

1. e4 c5 2. Nf3 Nc6 3. Bb5 g6 4. Bxc6 bxc6 5. 0-0 Bg7 6. Re1 Nf6 7. e5 Nd5 8. d4 cxd4 9. Qxd4 0-0 10. c4 Nc7 11. Qh4 Ne6 12. Bh6 Rb8 13. b3 a5 14. Nc3 f6 15. Bxg7 Kxg7 16. Rad1 Qc7 17. Ne4 a4 18. Rd3 axb3 19. axb3 h6 20. exf6+ exf6 21. Nd6 Ba6 22. Nd4 Qa5 23. Rde3 Bc8 24. Nxc8 Rbxc8 25. Nxe6+ dxe6 26. Rxe6 Rce8 27. Qe4 Rxe6 28. Qxe6 Rf7 29. h3 Qb4 30. Re3 c5 31. Qd6 Qa3 32. Re7 Qa1+ 33. Kh2 Qd4 34. Rxf7+ Kxf7 35. Qxd4 cxd4 36. Kg3 Ke6 37. Kf3 f5 38. Ke2 Kd6 39. b4 Ke5 40. Kd3 g5 41. b5 1-0

[Event "Moscow op (Women)"]
[Site "Moscow"]
[Date "2009.02.08"]
[Round "9"]
[White "Voit, Daria"]
[Black "Lelekova, Olga"]
[Result "0-1"]
[WhiteElo "2314"]
[BlackElo "2222"]
[PlyCount "68"]
[EventDate "2009.01.31"]
[EventType "swiss"]
[EventRounds "9"]
[EventCountry "RUS"]
[SourceTitle "EXT 2012"]
[Source "ChessBase"]
[SourceDate "2011.11.24"]
[SourceVersion "1"]
[SourceVersionDate "2011.11.24"]
[SourceQuality "1"]

1. e4 d5 2. exd5 Qxd5 3. Nc3 Qd6 4. d4 Nf6 5. Nf3 a6 6. h3 b5 7. Bd3 Bb7 8. Qe2 Nbd7 9. 0-0 e6 10. Ne4 Qb6 11. c3 Be7 12. Bf4 0-0 13. Ne5 c5 14. Nxd7 Nxd7 15. Be3 Qc6 16. f3 c4 17. Bc2 f5 18. Nd2 e5 19. dxe5 Nxe5 20. Bd4 Ng6 21. Rfe1 Bg5 22. Nf1 Rae8 23. Qd1 Nf4 24. Ne3 Bh4 25. Rf1 Qg6 26. Qd2 Nxh3+ 27. Kh1 Nf4 28. g4 Bg3 29. Bxf5 Qh6+ 30. Kg1 Rxf5 31. gxf5 Qg5 32. Kh1 Qh5+ 33. Kg1 Bxf3 34. Rxf3 Qxf3 0-1

[Event "St Petersburg-ch (Women)"]
[Site "St Petersburg"]
[Date "2007.02.27"]
[Round "3.1"]
[White "Lelekova, Olga"]
[Black "Ivkina, Olga"]
[Result "1-0"]
[WhiteElo "2184"]
[BlackElo "2192"]
[PlyCount "75"]
[EventDate "2007.02.24"]
[EventType "swiss"]
[EventRounds "9"]
[EventCountry "RUS"]
[SourceTitle "CBM 117 Extra"]
[Source "ChessBase"]
[SourceDate "2007.05.09"]
[SourceVersion "1"]
[SourceVersionDate "2007.05.09"]
[SourceQuality "1"]

1. e4 e6 2. d4 d5 3. Nc3 dxe4 4. Nxe4 Nf6 5. Ng3 c5 6. Nf3 Nc6 7. Be3 Nd5 8. Be2 Be7 9. 0-0 0-0 10. c3 f5 11. Bc1 cxd4 12. cxd4 Qb6 13. Bc4 Rd8 14. Ne2 h6 15. a3 Bf6 16. b4 a6 17. Bb2 Nce7 18. Ng3 g6 19. Qd2 Kg7 20. Rfe1 Qd6 21. Rad1 b5 22. Bb3 Nf4 23. Bc1 g5 24. Qb2 Neg6 25. Ne5 Re8 26. Nxg6 Kxg6 27. Bxf4 gxf4 28. Nxf5 Kxf5 29. Qc2+ Kg5 30. h4+ Kh5 31. Qe4 Bd7 32. Rd3 Rg8 33. Bd1+ Rg4 34. Bxg4+ Kxg4 35. Qg6+ Bg5 36. hxg5 Be8 37. Rg3+ fxg3 38. Re4+ 1-0